[Event "DEM U12/U12w 2006"]
[Site "Willingen GER"]
[Date "2006.06.05"]
[Round "4"]
[White "Marx, Inga"]
[Black "Alt, Elisabeth"]
[Result "1-0"]
[Termination "normal"]
[Board "49"]
[WhiteElo "1078"]
[BlackElo "782"]
[PlyCount "39"]
[WhiteFideId "4654749"]
[BlackFideId "24692620"]
[EventCountry "GER"]
[EventRounds "11"]
[EventType "swiss"]
[EventDate "2006.06.03"]

1. e4 e5 2. Nf3 Nc6 3. Bc4 Nf6 4. Ng5 Qe7 5. O-O d5 6. exd5 Nxd5 7. d4 Nb6 8.
Bxf7+ Kd8 9. dxe5+ Bd7 10. e6 h6 11. Qg4 Ne5 12. Qf5 Kc8 13. exd7+ Qxd7 14. Be6
hxg5 15. Bxd7+ Nbxd7 16. Bxg5 Bd6 17. Nc3 Rh5 18. f4 Nc4 19. Rfe1 c6 20. Re8+
1-0

[Event "DEM U12/U12w 2006"]
[Site "Willingen GER"]
[Date "2006.06.05"]
[Round "4"]
[White "Hüglin, Larissa"]
[Black "Brühan, Caren"]
[Result "1-0"]
[Termination "normal"]
[Board "50"]
[WhiteElo "793"]
[BlackElo "1054"]
[PlyCount "57"]
[WhiteFideId "12911933"]
[BlackFideId "24691976"]
[EventCountry "GER"]
[EventRounds "11"]
[EventType "swiss"]
[EventDate "2006.06.03"]

1. e4 e5 2. Nf3 Nc6 3. Bc4 Bc5 4. O-O Nf6 5. d3 O-O 6. Be3 Bxe3 7. fxe3 d6 8.
Qe1 Bg4 9. h3 Bxf3 10. Rxf3 d5 11. exd5 Nxd5 12. e4 Ndb4 13. Qf2 Qd7 14. Nc3 b5
15. Bb3 Nd4 16. Rg3 Nxb3 17. Qf6 g6 18. axb3 Qd6 19. Qg5 Qd4+ 20. Kh2 Nxc2 21.
Rf1 b4 22. Nd5 Qc5 23. Qf6 Rae8 24. Qg5 c6 25. Nf6+ Kg7 26. Nxe8+ Rxe8 27. Qf6+
Kh6 28. Rg4 Qe7 29. Rh4# 1-0